Oxford World's Classics The English Constitution (Record no. 541238)
[ view plain ]
| 000 -LEADER | |
|---|---|
| fixed length control field | 00521nam a22001577a 4500 |
| 020 ## - INTERNATIONAL STANDARD BOOK NUMBER | |
| International Standard Book Number | 9780199539017 |
| 082 ## - DEWEY DECIMAL CLASSIFICATION NUMBER | |
| Classification number | 342.4202 BAG |
| 100 ## - MAIN ENTRY--PERSONAL NAME | |
| Personal name | Bagehot, Walter |
| 245 ## - TITLE STATEMENT | |
| Title | Oxford World's Classics The English Constitution |
| Statement of responsibility, etc. | Walter Bagehot |
| 260 ## - PUBLICATION, DISTRIBUTION, ETC. | |
| Place of publication, distribution, etc. | New York |
| Name of publisher, distributor, etc. | Oxford University Press |
| Date of publication, distribution, etc. | 2009 |
| 300 ## - PHYSICAL DESCRIPTION | |
| Extent | 219p |
| 650 ## - SUBJECT ADDED ENTRY--TOPICAL TERM | |
| Topical term or geographic name entry element | NLS2024, NLSETEXTBOOKS, NLSEBOOKBANK |
| 856 ## - Uniform Resource Identifier | |
| Uniform Resource Identifier | <a href="http://10.250.8.41:8080/xmlui/handle/123456789/47852">http://10.250.8.41:8080/xmlui/handle/123456789/47852</a> |
| 942 ## - ADDED ENTRY ELEMENTS (KOHA) | |
| Source of classification or shelving scheme | |
| Koha item type | Book |
| 650 ## - SUBJECT ADDED ENTRY--TOPICAL TERM | |
| -- | 126870 |
| Withdrawn status | Lost status | Source of classification or shelving scheme | Damaged status | Not for loan | Permanent Location | Current Location | Date acquired | Total Checkouts | Total Renewals | Full call number | Barcode | Date last seen | Date last checked out | Price effective from | Koha item type | Public note |
|---|---|---|---|---|---|---|---|---|---|---|---|---|---|---|---|---|
| NUST Law School (NLS) | NUST Law School (NLS) | 01/13/2021 | 1 | 1 | 342.4202 BAG | CL-488 | 12/26/2023 | 09/16/2022 | 01/13/2021 | Book | Transfer to Center for Legal Research (NLS) |
